| 000 | 01050cam a2200313 i 4500 | ||
|---|---|---|---|
| 001 | 67665 | ||
| 003 | Mx-PuUPA | ||
| 005 | 20260518133000.0 | ||
| 008 | 140415s1962 ctua fr 000 0 eng d | ||
| 020 | _a9780300000702 | ||
| 040 |
_aMX-PuUPA _bspa _erda _cMx-PuUPA _dMx-PuUPA |
||
| 041 | 0 | _aeng | |
| 100 | 1 |
_aDobzhansky, Theodosius, _d1900-1975 _eautor _95247 |
|
| 245 | 1 | 0 |
_aMankind evolving : _bthe evolution of the human species / _cby Theodosius Dobzhansky |
| 264 | 1 |
_aNew Haven, Connecticut : _bYale University Press, _c©1962 |
|
| 300 |
_axiii, 381 páginas : _bilustraciones ; _c22 cm |
||
| 336 |
_atexto _2rdacontent _btxt |
||
| 337 |
_asin medio _2rdamedia _bn |
||
| 338 |
_avolumen _2rdacarrier _bnc |
||
| 490 | 0 | _aSociology | |
| 490 | 0 |
_aAnthropology ; _vY-116 |
|
| 500 | _aReimpresiones: (Seventeenth, 1975). | ||
| 650 | 7 |
_2armarc _aEvolución humana |
|
| 650 | 7 |
_2armarc _aSeres humanos _xOrigen |
|
| 650 | 7 |
_2armarc _aGenética humana |
|
| 942 |
_2ddc _h575 _iD63 _cLI |
||
| 999 |
_c67665 _d67665 |
||